WWE Royal Rumble 2025 Entrants - Statistics

General Stats
  • This quiz has been taken 434 times
  • The average score is 37 of 60
Answer Stats
Draw Brand Women's Rumble % Correct
1 Raw Rey Mysterio
91%
16 SmackDown Roman Reigns
91%
20 Raw Jey Uso
90%
23 Unaffiliated John Cena
89%
2 Raw Penta
88%
25 Raw Seth "Freakin" Rollins
88%
10 SmackDown Jimmy Uso
87%
24 Raw CM Punk
86%
8 Celebrity IShowSpeed
86%
30 Raw Logan Paul
85%
26 Raw "Dirty" Dominik Mysterio
82%
15 TNA Joe Hendry
82%
7 Raw Bron Breakker
78%
17 Raw Drew McIntyre
75%
2 Raw Liv Morgan
75%
28 SmackDown Damian Priest
73%
12 SmackDown Jacob Fatu
73%
30 Unaffiliated Nikki Bella
71%
6 Raw Otis
70%
4 SmackDown Carmelo Hayes
69%
3 Raw Chad Gable
69%
18 Raw Finn Bálor
69%
27 SmackDown Charlotte Flair
68%
1 Raw Iyo Sky
68%
27 Raw Sami Zayn
68%
29 SmackDown LA Knight
67%
29 SmackDown Nia Jax
66%
3 NXT Roxanne Perez
65%
21 SmackDown AJ Styles
62%
21 Unaffiliated Alexa Bliss
62%
15 SmackDown Naomi
62%
10 SmackDown Bianca Belair
60%
14 SmackDown The Miz
60%
9 Raw Sheamus
59%
5 SmackDown Chelsea Green
56%
11 SmackDown Andrade
55%
22 SmackDown Braun Strowman
54%
12 Raw Bayley
52%
26 Raw Raquel Rodriguez
52%
25 Unaffiliated Trish Stratus
51%
24 NXT Stephanie Vaquer
50%
13 Raw Ludwig Kaiser
49%
4 Raw Lyra Valkyria
49%
17 SmackDown Piper Niven
49%
28 NXT Giulia
48%
5 SmackDown Santos Escobar
47%
19 Unaffiliated Jordynne Grace
43%
9 NXT Lash Legend
43%
19 SmackDown Shinsuke Nakamura
42%
6 SmackDown B-Fab
40%
18 Raw Natalya
40%
14 Raw Maxxine Dupri
39%
23 SmackDown Candice LeRae
35%
7 Raw Ivy Nile
35%
8 Raw Zoey Stark
35%
16 NXT Jaida Parker
34%
13 Raw Sonya Deville
34%
22 SmackDown Zelina Vega
34%
20 SmackDown Michin
32%
11 Raw Shayna Baszler
31%
No matching quizzes found
Score Distribution
Percent of People with Each Score
Percentile by Number Answered
Your Score History
You have not taken this quiz